Multifunkčné objekty s vybavenosťou a bývaním, Šaľa - Veča

Enregistré dans:
Détails bibliographiques
Auteur principal: Dorušinec, Andrej (Auteur)
Autres auteurs: Bogár, Michal (Directeur de thèse)
Format: Manuscrit Livre
Langue:slovaque
Publié: 2025
Sujets:
Accès en ligne:http://is.stuba.sk/zp/portal_zp.pl?podrobnosti=181963
CRZP
Tags: Ajouter un tag
Pas de tags, Soyez le premier à ajouter un tag!

MARC

LEADER 00000ntm a22000003a 4500
001 stuzp105006
003 SK-STU
005 20250722141612.8
007 ta
008 150427s2015----xo-----f-mn---000-0-slo-d
040 |a STU  |b slo 
041 0 |a slo 
100 1 |a Dorušinec, Andrej  |u 010310  |4 aut  |U SvF Stavebná fakulta  |T SvF Katedra architektúry  |X 103643  |U V181|V310  |Y 19  |7 103643 
242 0 1 |a Multifunctional buildings with amenities and housing, Šaľa - Veča  |y eng 
245 1 0 |a Multifunkčné objekty s vybavenosťou a bývaním, Šaľa - Veča 
260 |c 2025 
650 4 |a accessibility  |2 eng 
650 4 |a community  |2 eng 
650 4 |a new construction  |2 eng 
650 4 |a center for seniors  |2 eng 
650 4 |a novostavba  |2 slo 
650 4 |a zariadenie pre seniorov  |2 slo 
650 4 |a bezbariérovosť  |2 slo 
650 4 |a komunitnosť  |2 slo 
700 1 |a Bogár, Michal  |u 054140  |k Z8  |4 ths  |U FAD Fakulta architektúry a dizajnu  |T FAD Ústav konštrukcií v architektúre a inžinierskych stavieb  |X 71161  |U A4140  |Y 395  |7 A000071161 
856 4 |u http://is.stuba.sk/zp/portal_zp.pl?podrobnosti=181963 
856 4 |u https://opac.crzp.sk/?fn=detailBiblioForm&sid=226A7A544DA3649F675138E9F6D0  |z CRZP